জাপান কাহিনি / (Record no. 11825)
[ view plain ]
| 000 -LEADER | |
|---|---|
| fixed length control field | 00679nam a22002417a 4500 |
| 001 - CONTROL NUMBER | |
| JCCL Control Number | 11825 |
| 003 - CONTROL NUMBER IDENTIFIER | |
| JCCL marc code | BD-JhCC |
| 005 - DATE AND TIME OF LATEST TRANSACTION | |
| control field | 20221115134023.0 |
| 008 - FIXED-LENGTH DATA ELEMENTS--GENERAL INFORMATION | |
| fixed length control field | 201108b20152019bg |||| ||a| 00| 0 ben d |
| 020 ## - INTERNATIONAL STANDARD BOOK NUMBER | |
| International Standard Book Number | 9789847762012 |
| 035 ## - SYSTEM CONTROL NUMBER | |
| system control number | (BD-JhCC)118025 |
| 040 ## - CATALOGING SOURCE | |
| Original cataloging agency | BD-JhCC |
| Modifying agency | BD-JhCC |
| 041 ## - LANGUAGE CODE | |
| Language code of Book | ben |
| 082 ## - DEWEY DECIMAL CLASSIFICATION NUMBER | |
| Classification number | 952 |
| Author mark and Year | AHM 2019 |
| 100 ## - MAIN ENTRY--PERSONAL NAME | |
| Personal name | আহমেদ, আশির |
| 245 ## - TITLE STATEMENT | |
| Title | জাপান কাহিনি / |
| Statement of responsibility, etc | আশির আহমেদ । |
| 260 ## - PUBLICATION, DISTRIBUTION, ETC. (IMPRINT) | |
| Place of publication, distribution, etc | ঢাকা: |
| Name of publisher, distributor, etc | ঐতিহ্য; |
| Date of publication, distribution, etc | ২০১৯. |
| 300 ## - PHYSICAL DESCRIPTION | |
| Pagination | 93 p. : |
| Dimensions | 20 cm. |
| 610 ## - SUBJECT ADDED ENTRY--CORPORATE NAME | |
| Corporate name or jurisdiction name as entry element | Japan |
| 651 ## - SUBJECT ADDED ENTRY--GEOGRAPHIC NAME | |
| Geographic name | Manners and customs |
| General subdivision | Geography |
| Geographic subdivision | Travel |
| 942 ## - ADDED ENTRY ELEMENTS (KOHA) | |
| Source of classification or shelving scheme | Dewey Decimal Classification |
| Koha item type | Books |
| Koha issues (borrowed), all copies | 16 |
| Source of classification or shelving scheme | volume number | Damaged status | Not for loan | Home library | Current library | Shelving location | Date of accession | Source of acquisition | Cost, normal purchase price | Total Checkouts | Full call number | Barcode | Date last seen | Date checked out | Copy number | Koha item type |
|---|---|---|---|---|---|---|---|---|---|---|---|---|---|---|---|---|
| Dewey Decimal Classification | V-1 | JCC Rouf Library | JCC Rouf Library | General Stacks | 11/08/2020 | Lt. Gen. Mahfuzur Rahman (10th intake) | 150.00 | 8 | 952 AHM 2019 | 16266 | 09/18/2023 | 08/24/2023 | C-1 | Books | ||
| Dewey Decimal Classification | V-2 | JCC Rouf Library | JCC Rouf Library | General Stacks | 11/08/2020 | Lt. Gen. Mahfuzur Rahman (10th intake) | 150.00 | 5 | 952 AHM 2020 | 16267 | 07/14/2025 | 06/30/2025 | C-1 | Books | ||
| Dewey Decimal Classification | V-3 | JCC Rouf Library | JCC Rouf Library | General Stacks | 11/08/2020 | Lt. Gen. Mahfuzur Rahman (10th intake) | 173.00 | 8 | 952 AHM 2017 | 16268 | 02/03/2025 | 01/26/2025 | C-1 | Books | ||
| Dewey Decimal Classification | V-4 | JCC Rouf Library | JCC Rouf Library | General Stacks | 11/08/2020 | Lt. Gen. Mahfuzur Rahman (10th intake) | 143.00 | 6 | 952 AHM 2018 | 16269 | 05/08/2023 | 03/19/2023 | C-1 | Books | ||
| Dewey Decimal Classification | V-5 | JCC Rouf Library | JCC Rouf Library | General Stacks | 11/08/2020 | Lt. Gen. Mahfuzur Rahman (10th intake) | 150.00 | 12 | 952 AHM 2019 | 16270 | 01/25/2026 | 01/22/2026 | C-1 | Books | ||
| Dewey Decimal Classification | V-6 | JCC Rouf Library | JCC Rouf Library | General Stacks | 11/29/2020 | Lt. Gen. Mahfuzur Rahman (10th intake) | 150.00 | 8 | 952 AHM 2020 | 16365 | 08/04/2025 | 07/14/2025 | C-1 | Books |